| 000 | 00512nam a22001577a 4500 | ||
|---|---|---|---|
| 999 |
_c9224 _d9224 |
||
| 008 | 210330b ||||| |||| 00| 0 eng d | ||
| 040 | _aBMS College of Architecture | ||
| 100 | _aMohta, Rounak | ||
| 245 | _aBusiness cum recreation centre at N G E F lands old Madras road Bangalore | ||
| 300 | _a36p. | ||
| 500 | _a1BM02AT022 | ||
| 502 |
_8B.Arch _NBMS College of Architecture, Visvesvaraya Technological University _aProject report _d2006 |
||
| 650 | _aNA | ||
| 700 |
_aRajan Sridhar _eGuide |
||
| 942 |
_2ddc _cTHE |
||